000 00481nam a2200169Ia 4500
008 231221s9999 xx 000 0 und d
041 _aEnglish
082 _a004.62 MIL;
100 _aMiller, Mark A P E
245 0 _aVoice over ip technologies: building the converged network
250 _a1st ed.
260 _c2002
_bNew Delhi : Wiley Dreamtech India,
300 _axvi+528
300 _c21928
650 _aVoice,over,ip,technologies:,converged,network
942 _cCD
999 _c202533
_d202533